Football Clubs Managed by Carlo Ancelotti - Statistics

General Stats
  • This quiz has been taken 895 times
    322 since last reset
  • The average score is 8 of 11
Answer Stats
Years Club % Correct
2013-2015, 2021-2025 Real Madrid
99%
2001-2009 Milan
88%
2025— Brazil
87%
2019-2021 Everton
86%
2009-2011 Chelsea
82%
2016-2017 Bayern Munich
80%
1999-2001 Juventus
79%
2011-2013 Paris Saint-Germain
74%
2018-2019 Napoli
65%
1996-1998 Parma
51%
1995-1996 Reggiana
13%
No matching quizzes found
Score Distribution
Percent of People with Each Score
Percentile by Number Answered
Your Score History
You have not taken this quiz since the last reset